000
00358nam a2200133Ia 4500
008
151001s9999||||xx |||||||||||||| ||und||
100
_a
सुरेशचंद्र नाडकर्णी
245
_a
क्रिडा ज्ञानकोश
250
_a
2
260
_b
क्ष
260
_c
1999
300
_a
846
365
_b
21
999
_c
980987
_d
980984